000 00364nam a2200157Ia 4500
008 151213s9999 xx 000 0 und d
100 _aC.Skaetches
245 _aThe Arms & the man
_cC.Skaetches
250 _a1st
260 _aU.S.A
_bC.K.Hillen
_c1959
300 _a2507 p.
650 _aEnglish
650 _aEnglish
700 _aC.Skaetches
999 _c1710
_d1710